Rekordná inflácia

Vývoj inflácie na Slovensku. Prognózy vývoja inflácie na roky 2002-2005. Faktory, ktoré ovplyvnili pokles inflácie na Slovensku.

Guardado en:
Detalles Bibliográficos
Autor principal: Habánová, Želmíra
Formato: Capítulo de libro
Lenguaje:eslovaco
Materias:
Etiquetas: Agregar Etiqueta
Sin Etiquetas, Sea el primero en etiquetar este registro!

MARC

LEADER 00000naa a2200000 4500
001 r044693
005 20230920074006.6
041 0 |a slo 
044 |a SK 
245 1 0 |a Rekordná inflácia  |c Želmíra Václavová Habánová 
520 |a Vývoj inflácie na Slovensku. Prognózy vývoja inflácie na roky 2002-2005. Faktory, ktoré ovplyvnili pokles inflácie na Slovensku. 
610 2 0 |a situácia hospodárska 
610 2 0 |a inflácia 
610 2 0 |a banky 
610 2 0 |a ceny spotrebiteľské 
610 2 0 |a prognózy 
610 2 0 |a Slovensko 
100 1 |a Habánová, Želmíra